[Event "DEN-chT 0809"]
[Site "Denmark"]
[Date "2009.01.11"]
[Round "5.3"]
[White "Rasmussen, Casper"]
[Black "Hoi, Carsten"]
[Result "1/2-1/2"]
[WhiteElo "2382"]
[BlackElo "2371"]
[PlyCount "108"]
[EventDate "2008.11.01"]
[EventType "team-tourn"]
[EventRounds "9"]
[EventCountry "DEN"]
[SourceTitle "EXT 2023"]
[Source "ChessBase"]
[SourceDate "2022.10.05"]
[SourceVersion "1"]
[SourceVersionDate "2022.10.05"]
[SourceQuality "1"]
[WhiteTeam "Aarhus/Skolerne"]
[BlackTeam "Bronshoj"]
[WhiteTeamCountry "DEN"]
[BlackTeamCountry "DEN"]

1. Nf3 Nf6 2. c4 d6 3. d4 Bg4 4. e3 g6 5. Be2 Bg7 6. 0-0 0-0 7. h3 Bxf3 8. Bxf3 Nc6 9. Nc3 Nd7 10. Rb1 e5 11. d5 Ne7 12. e4 a5 13. a3 f5 14. b4 axb4 15. axb4 b6 16. Qd3 Kh8 17. Bb2 Nf6 18. Ra1 Rc8 19. Rfe1 h5 20. Nb5 fxe4 21. Bxe4 Nxe4 22. Rxe4 Nf5 23. Rf1 Qg5 24. Bc1 Qe7 25. f4 Rce8 26. Bb2 h4 27. fxe5 Ng3 28. Rxf8+ Rxf8 29. Re1 dxe5 30. d6 Qf6 31. Qf3 cxd6 32. Qxf6 Rxf6 33. Bc1 Nf5 34. Nc7 Rf8 35. Nd5 Rb8 36. b5 Kg8 37. Bg5 Kf7 38. Re4 Ke6 39. Bxh4 Nd4 40. Bf2 Nxb5 41. Rg4 Na3 42. Rxg6+ Kf7 43. Rxd6 Nxc4 44. Rd7+ Kf8 45. Rc7 b5 46. Bc5+ Kg8 47. Ne7+ Kh8 48. g4 e4 49. Ng6+ Kg8 50. Ne7+ Kh8 51. Kf2 Ra8 52. Ng6+ Kg8 53. Ne7+ Kh8 54. Ng6+ Kg8 1/2-1/2

[Event "Horsholm Tectura Act"]
[Site "Horsholm"]
[Date "2008.05.17"]
[Round "4"]
[White "Rasmussen, Casper"]
[Black "Nielsen, Frode Benedikt"]
[Result "1-0"]
[WhiteElo "2352"]
[BlackElo "2054"]
[PlyCount "40"]
[EventDate "2008.05.17"]
[EventType "swiss (rapid)"]
[EventRounds "7"]
[EventCountry "DEN"]
[SourceTitle "CBM 124 Extra"]
[Source "ChessBase"]
[SourceDate "2008.07.03"]
[SourceVersion "1"]
[SourceVersionDate "2008.07.03"]
[SourceQuality "1"]

1. c4 Nf6 2. Nf3 e6 3. Nc3 c5 4. g3 b6 5. Bg2 Bb7 6. 0-0 Be7 7. Re1 d5 8. cxd5 exd5 9. d4 0-0 10. Bg5 Ne4 11. Bxe7 Qxe7 12. Rc1 Nd7 13. Qb3 cxd4 14. Nxd5 Qd6 15. Nf4 Ndc5 16. Qb4 Rfd8 17. Red1 Qe7 18. Rxd4 Nxf2 19. Kxf2 Ne4+ 20. Kf1 Nxg3+ 1-0